Polskie miasta po niemiecku - Statystyki

Ogólne statystyki
  • Ten quiz został rozwiązany 87 razy
  • Średni wynik to 12 z 15
Statystyki odpowiedzi
Niemiecki Polski % Poprawnych
Krakau Kraków
100%
Lodz/Lodsch Łódź
100%
Warschau Warszawa
100%
Posen Poznań
99%
Stettin Szczecin
99%
Danzig Gdańsk
95%
Breslau Wrocław
90%
Elbing Elbląg
89%
Thorn Toruń
79%
Bromberg Bydgoszcz
72%
Resche Rzeszów
72%
Tschenstochau Częstochowa
69%
Neusandez Nowy Sącz
62%
Allenstein Olsztyn
58%
Schneidemühl Piła
22%
Nie znaleziono quizów pasujących do podanych kryteriów
Rozkład punktacji
Procent ludzi z każdym wynikiem
Percentyl według liczby udzielonych odpowiedzi
Twoja historia wyników
Nie rozwiązałeś tego quizu